| 000 | 00408nam a2200157 a 4500 | ||
|---|---|---|---|
| 005 | 20140310183321.0 | ||
| 008 | 060308s19uu xx 00 eng d | ||
| 020 | _a0553049895 | ||
| 050 |
_aPZ 7 _b.M129 1978 |
||
| 100 | _aMaccoby, Michael | ||
| 245 |
_aThe gamesman / _cMichael Maccoby. |
||
| 260 |
_aNew York : _bBantam Books, _c1978. |
||
| 300 |
_a302 p. : _c17 cm. |
||
| 942 |
_cBK _2lcc |
||
| 999 |
_c21405 _d21405 |
||